[Event "NZL-ch op-B 130th"]
[Site "Wellington"]
[Date "2023.01.07"]
[Round "6"]
[White "Familton, Gregory"]
[Black "Brockway, Andrew"]
[Result "1-0"]
[WhiteElo "1864"]
[BlackElo "1662"]
[PlyCount "41"]
[EventDate "2023.01.02"]
[EventType "swiss"]
[EventRounds "9"]
[EventCountry "NZL"]
[SourceTitle "CBM 212 Extra"]
[Source "ChessBase"]
[SourceDate "2023.03.31"]
[SourceVersion "1"]
[SourceVersionDate "2023.03.31"]
[SourceQuality "1"]

1. e4 e5 2. Nc3 Nf6 3. f4 d5 4. fxe5 Nxe4 5. Qf3 Nxc3 6. bxc3 c5 7. Qg3 Be6 8. Nh3 Qb6 9. Nf4 Nd7 10. Nxe6 Qxe6 11. d4 g6 12. Bb5 Bg7 13. 0-0 cxd4 14. cxd4 0-0 15. Qf3 Nxe5 16. dxe5 Qb6+ 17. Kh1 Qxb5 18. Ba3 Bxe5 19. Bxf8 Bxa1 20. Qxf7+ Kh8 21. Rxa1 1-0

[Event "South Island-ch"]
[Site "Invercargill"]
[Date "2022.10.05"]
[Round "1"]
[White "Brockway, Andrew"]
[Black "Xie, Felix"]
[Result "0-1"]
[WhiteElo "1565"]
[BlackElo "2044"]
[PlyCount "64"]
[EventDate "2022.10.05"]
[EventType "swiss"]
[EventRounds "8"]
[EventCountry "NZL"]
[SourceTitle "EXT 2024"]
[Source "ChessBase"]
[SourceDate "2023.10.10"]
[SourceVersion "1"]
[SourceVersionDate "2023.10.10"]
[SourceQuality "1"]

1. e4 c6 2. d4 d5 3. exd5 cxd5 4. Bd3 Nc6 5. c3 Nf6 6. Bf4 Bg4 7. Qb3 e5 8. dxe5 Nh5 9. Bg3 Nxg3 10. hxg3 Nxe5 11. Bb5+ Nc6 12. Nd2 Bc5 13. Qc2 Bxf2+ 14. Kxf2 Qb6+ 15. Kf1 Qxb5+ 16. c4 dxc4 17. Re1+ Be6 18. Qc3 0-0-0 19. Ngf3 Rd3 20. Qxg7 c3 21. Kg1 cxd2 22. Qxh8+ Rd8 23. Qxd8+ Nxd8 24. Nxd2 Qxb2 25. Nf3 Bd5 26. Rh4 Ne6 27. Rg4 Bxf3 28. gxf3 Nd4 29. Rg8+ Kd7 30. Rd1 Ke7 31. Re1+ Kf6 32. Rf1 Qe2 0-1

[Event "NZL-ch Major op"]
[Site "Christchurch"]
[Date "2022.01.07"]
[Round "6"]
[White "Brockway, Andrew"]
[Black "Cooke, Xandi"]
[Result "1-0"]
[WhiteElo "1647"]
[BlackElo "1465"]
[PlyCount "73"]
[EventDate "2022.01.02"]
[EventType "swiss"]
[EventRounds "9"]
[EventCountry "NZL"]
[SourceTitle "EXT 2024"]
[Source "ChessBase"]
[SourceDate "2023.10.10"]
[SourceVersion "1"]
[SourceVersionDate "2023.10.10"]
[SourceQuality "1"]

1. d4 d5 2. c4 e6 3. Nc3 Nf6 4. cxd5 exd5 5. Bg5 Be7 6. e3 0-0 7. Bd3 h6 8. Bh4 b6 9. Nf3 Nbd7 10. 0-0 Bb7 11. Bxf6 Nxf6 12. Rc1 c5 13. Re1 Rc8 14. Bf5 Rb8 15. Ne5 a6 16. Bb1 Re8 17. Qc2 Bd6 18. f4 cxd4 19. exd4 Rc8 20. Qf5 Rc7 21. Qd3 Qc8 22. Re3 Ne4 23. a3 f6 24. Ng6 Qf5 25. Nh4 Qxf4 26. g3 Qg5 27. Rf1 Qh5 28. Rf5 Qf7 29. Ba2 Nxc3 30. bxc3 Rxe3 31. Qxe3 g6 32. Rf1 Qg7 33. Qe6+ Qf7 34. Qxd6 Rc6 35. Qxd5 Rc7 36. Qxf7+ Rxf7 37. Rxf6 1-0

[Event "NZL-ch Major op"]
[Site "Christchurch"]
[Date "2022.01.04"]
[Round "3"]
[White "McDougall, Sylvia"]
[Black "Brockway, Andrew"]
[Result "1-0"]
[WhiteElo "1142"]
[BlackElo "1647"]
[PlyCount "59"]
[EventDate "2022.01.02"]
[EventType "swiss"]
[EventRounds "9"]
[EventCountry "NZL"]
[SourceTitle "EXT 2024"]
[Source "ChessBase"]
[SourceDate "2023.10.10"]
[SourceVersion "1"]
[SourceVersionDate "2023.10.10"]
[SourceQuality "1"]

1. e4 c5 2. Nf3 g6 3. Bc4 Nc6 4. Nc3 Bg7 5. d3 Nf6 6. h3 Na5 7. e5 Ng8 8. Bd5 Nc6 9. Bf4 Qb6 10. Rb1 Nd4 11. Ng5 e6 12. Bc4 Qc6 13. Nce4 Bf8 14. c3 Nb5 15. 0-0 d5 16. exd6 Nxd6 17. Be5 f6 18. Nxf6+ Nxf6 19. Bxf6 Rg8 20. Re1 Nxc4 21. dxc4 Bd7 22. Qd5 Be7 23. Nxe6 Qxd5 24. Nc7+ Kf7 25. Rxe7+ Kxf6 26. Nxd5+ Kg5 27. Rxd7 Rge8 28. Nc7 Rad8 29. Ne6+ Rxe6 30. Rxd8 1-0

[Event "North Island-ch"]
[Site "Wellington"]
[Date "2021.04.05"]
[Round "8"]
[White "Ha, Huy Minh"]
[Black "Brockway, Andrew"]
[Result "1-0"]
[WhiteElo "1715"]
[BlackElo "1650"]
[PlyCount "81"]
[EventDate "2021.04.02"]
[EventType "swiss"]
[EventRounds "8"]
[EventCountry "NZL"]
[SourceTitle "EXT 2024"]
[Source "ChessBase"]
[SourceDate "2023.10.10"]
[SourceVersion "1"]
[SourceVersionDate "2023.10.10"]
[SourceQuality "1"]

1. e4 c5 2. c3 g6 3. d4 cxd4 4. cxd4 d5 5. e5 Bg7 6. Nc3 Nc6 7. h3 e6 8. Nf3 Nge7 9. Be2 Nf5 10. g4 Nfe7 11. Nb5 0-0 12. g5 Nf5 13. Bd3 Nce7 14. Nc3 Qb6 15. Ne2 Bd7 16. 0-0 Bb5 17. Bxb5 Qxb5 18. b3 Rac8 19. Bb2 Qa5 20. Qd3 Nc6 21. a3 Qb6 22. Kg2 Na5 23. b4 Nc4 24. Qb3 Rfd8 25. Bc1 Bf8 26. h4 Qb5 27. Nc3 Qb6 28. Ne2 Na5 29. Qd1 Nc4 30. h5 Nce3+ 31. Bxe3 Nxe3+ 32. fxe3 Be7 33. hxg6 hxg6 34. Rh1 Kg7 35. Rc1 Rb8 36. Qd3 Re8 37. Nf4 Qd8 38. Rh3 Bxg5 39. Nxg5 Qxg5+ 40. Rg3 Qe7 41. Nxg6 1-0

[Event "North Island-ch"]
[Site "Wellington"]
[Date "2021.04.04"]
[Round "6"]
[White "Brockway, Andrew"]
[Black "Laking, Robert"]
[Result "1-0"]
[WhiteElo "1650"]
[BlackElo "1862"]
[PlyCount "91"]
[EventDate "2021.04.02"]
[EventType "swiss"]
[EventRounds "8"]
[EventCountry "NZL"]
[SourceTitle "EXT 2024"]
[Source "ChessBase"]
[SourceDate "2023.10.10"]
[SourceVersion "1"]
[SourceVersionDate "2023.10.10"]
[SourceQuality "1"]

1. e4 c5 2. Nc3 Nc6 3. Bb5 Nd4 4. Bc4 g6 5. Nge2 Bg7 6. Nxd4 cxd4 7. Qf3 e6 8. Ne2 Ne7 9. d3 b5 10. Bb3 Nc6 11. Ng3 a5 12. a4 bxa4 13. Rxa4 Ba6 14. Qe2 0-0 15. 0-0 Bb5 16. Ra1 Qc7 17. Bc4 Bxc4 18. dxc4 Ne5 19. Ra4 Rfc8 20. b3 d6 21. Bd2 Nd7 22. Rfa1 d3 23. cxd3 Bxa1 24. Rxa1 Nc5 25. Rb1 Rcb8 26. Bg5 f6 27. Bxf6 Rxb3 28. Rxb3 Nxb3 29. d4 Rc8 30. c5 dxc5 31. Qc4 Nxd4 32. Bxd4 cxd4 33. Qxe6+ Kg7 34. e5 Qc6 35. Qe7+ Kg8 36. e6 Qe8 37. Qf6 Rc6 38. Qxd4 Rxe6 39. Qc4 a4 40. Ne4 Qc6 41. Nc5 Kf7 42. Qf4+ Rf6 43. Qc4+ Kg7 44. Qc3 Kf8 45. Nd7+ Kf7 46. Ne5+ 1-0

[Event "North Island-ch"]
[Site "Wellington"]
[Date "2021.04.02"]
[Round "1"]
[White "Xie, Felix"]
[Black "Brockway, Andrew"]
[Result "1-0"]
[WhiteElo "2082"]
[BlackElo "1650"]
[PlyCount "97"]
[EventDate "2021.04.02"]
[EventType "swiss"]
[EventRounds "8"]
[EventCountry "NZL"]
[SourceTitle "EXT 2024"]
[Source "ChessBase"]
[SourceDate "2023.10.10"]
[SourceVersion "1"]
[SourceVersionDate "2023.10.10"]
[SourceQuality "1"]

1. d4 d5 2. Nf3 Nf6 3. Bg5 e6 4. e3 Nbd7 5. Nbd2 Be7 6. Bd3 c5 7. c3 b6 8. Ne5 Bb7 9. 0-0 0-0 10. Qf3 Qc7 11. Qh3 Nxe5 12. dxe5 Ne4 13. Bxe7 Qxe7 14. f4 f5 15. exf6 Rxf6 16. Nf3 Rh6 17. Qg4 Rg6 18. Qh5 Rh6 19. Qe5 Rf6 20. Ng5 h6 21. Nxe4 dxe4 22. Bxe4 Rd8 23. Rfd1 Bxe4 24. Qxe4 Rf7 25. g3 Rd6 26. Qe5 Rd5 27. Rxd5 exd5 28. Qxe7 Rxe7 29. Kf2 Kf7 30. Rd1 Ke6 31. Kf3 Rf7 32. e4 dxe4+ 33. Kxe4 g5 34. f5+ Rxf5 35. Rd6+ Kxd6 36. Kxf5 Kd5 37. Kg6 Ke4 38. Kxh6 g4 39. Kh5 Kf3 40. Kh4 c4 41. h3 gxh3 42. Kxh3 Ke4 43. Kh4 Kf5 44. g4+ Kg6 45. g5 a5 46. a4 Kg7 47. Kh5 Kh7 48. g6+ Kg7 49. Kg5 1-0

[Event "NZL-ch Major op"]
[Site "Palmerston North"]
[Date "2021.01.10"]
[Round "9"]
[White "Zhang, Yaoyuan"]
[Black "Brockway, Andrew"]
[Result "0-1"]
[WhiteElo "1966"]
[BlackElo "1679"]
[PlyCount "90"]
[EventDate "2021.01.02"]
[EventType "swiss"]
[EventRounds "9"]
[EventCountry "NZL"]
[SourceTitle "EXT 2024"]
[Source "ChessBase"]
[SourceDate "2023.10.10"]
[SourceVersion "1"]
[SourceVersionDate "2023.10.10"]
[SourceQuality "1"]

1. d4 Nf6 2. c4 e6 3. Nc3 Bb4 4. Bd2 0-0 5. Nf3 d6 6. e3 Bxc3 7. Bxc3 Ne4 8. Rc1 Nxc3 9. Rxc3 Qe7 10. Bd3 Nd7 11. Qc2 g6 12. a3 e5 13. d5 Nc5 14. e4 a5 15. 0-0 a4 16. Qe2 Qf6 17. Nd2 Qg7 18. Ra1 Bd7 19. b4 axb3 20. Nxb3 Nxd3 21. Qxd3 b6 22. h3 f5 23. Nd2 fxe4 24. Nxe4 Bf5 25. g4 Bxe4 26. Qxe4 Rf4 27. Qe3 Raf8 28. Qg3 e4 29. Re1 Rxf2 30. Rce3 R2f3 31. Qg2 Qd4 32. Qe2 Rxe3 33. Qxe3 Qxe3+ 34. Rxe3 Rf4 35. Kg2 g5 36. Kg3 Kg7 37. h4 h6 38. a4 Kf6 39. Ra3 Ke5 40. a5 bxa5 41. Rxa5 e3 42. Ra2 Kd4 43. hxg5 hxg5 44. Ra7 e2 45. Ra1 Rf1 0-1

[Event "NZL-ch Major op"]
[Site "Palmerston North"]
[Date "2021.01.09"]
[Round "8"]
[White "Brockway, Andrew"]
[Black "Yu, Zachary"]
[Result "1/2-1/2"]
[WhiteElo "1679"]
[BlackElo "1314"]
[PlyCount "99"]
[EventDate "2021.01.02"]
[EventType "swiss"]
[EventRounds "9"]
[EventCountry "NZL"]
[SourceTitle "EXT 2024"]
[Source "ChessBase"]
[SourceDate "2023.10.10"]
[SourceVersion "1"]
[SourceVersionDate "2023.10.10"]
[SourceQuality "1"]

1. e4 e6 2. d4 d5 3. Nd2 c5 4. Ngf3 Nc6 5. exd5 exd5 6. Bb5 Bd6 7. dxc5 Bxc5 8. 0-0 Nge7 9. Nb3 Bd6 10. Re1 0-0 11. Bd3 Bf5 12. c3 Bxd3 13. Qxd3 Re8 14. Be3 Qc7 15. Bg5 Rad8 16. Bh4 h6 17. Bg3 Bxg3 18. hxg3 Qb6 19. Nfd4 Ng6 20. Rxe8+ Rxe8 21. Qd2 Nge5 22. Re1 Qd8 23. Kf1 Nc4 24. Rxe8+ Qxe8 25. Qc2 Qe5 26. Nf3 Qe7 27. Nbd4 g6 28. Nd2 N6e5 29. Nxc4 Nxc4 30. b3 Nd6 31. f3 Qe5 32. Kf2 Kg7 33. Qd3 a6 34. a4 Qe8 35. Nc2 Qe5 36. Ne3 Nf5 37. Nxf5+ gxf5 38. Qd4 Qxd4+ 39. cxd4 b5 40. axb5 axb5 41. b4 h5 42. Ke3 Kg6 43. Kf4 f6 44. Ke3 Kg5 45. Kf2 f4 46. gxf4+ Kxf4 47. g3+ Kf5 48. Kg2 Kg5 49. Kh3 f5 50. f4+ 1/2-1/2

[Event "NZL-ch Major op"]
[Site "Palmerston North"]
[Date "2021.01.07"]
[Round "6"]
[White "Brockway, Andrew"]
[Black "Liang, Ting"]
[Result "1/2-1/2"]
[WhiteElo "1679"]
[BlackElo "1507"]
[PlyCount "132"]
[EventDate "2021.01.02"]
[EventType "swiss"]
[EventRounds "9"]
[EventCountry "NZL"]
[SourceTitle "EXT 2024"]
[Source "ChessBase"]
[SourceDate "2023.10.10"]
[SourceVersion "1"]
[SourceVersionDate "2023.10.10"]
[SourceQuality "1"]

1. e4 c5 2. Nc3 g6 3. f4 Bg7 4. Nf3 d6 5. Bb5+ Bd7 6. Bc4 Nc6 7. 0-0 Nf6 8. d3 0-0 9. Qe1 h6 10. Qh4 Nh7 11. f5 g5 12. Qe1 Nd4 13. Nxd4 Bxd4+ 14. Kh1 e6 15. Ne2 Be5 16. Ng3 a5 17. a4 Nf6 18. Qf2 d5 19. Bb3 Rc8 20. c3 dxe4 21. Nxe4 Nxe4 22. dxe4 exf5 23. exf5 c4 24. Bc2 f6 25. Qf3 Bc6 26. Qh5 Rc7 27. Be3 Qd5 28. Qe2 Re8 29. Rad1 Bd4 30. Rxd4 Rxe3 31. Qf2 Qe5 32. Bd1 Re7 33. Kg1 b5 34. axb5 Qxb5 35. Rd2 Qe5 36. Rd4 Kg7 37. Rd2 Rd3 38. Bc2 Rxd2 39. Qxd2 Qe2 40. Qxe2 Rxe2 41. Rf2 Re8 42. Kf1 Be4 43. Bxe4 Rxe4 44. Re2 Rf4+ 45. Rf2 Re4 46. g3 h5 47. Re2 Re5 48. Rf2 Kf7 49. h3 Ke7 50. Kg2 Re3 51. Rd2 Rd3 52. Rxd3 cxd3 53. Kf3 d2 54. Ke2 Kd6 55. Kxd2 g4 56. hxg4 hxg4 57. Ke3 Ke5 58. c4 Kxf5 59. c5 Ke6 60. c6 Kd6 61. Kf4 Kxc6 62. Kxg4 Kd5 63. Kf5 Kc4 64. Kxf6 Kb3 65. g4 Kxb2 66. g5 a4 1/2-1/2

[Event "South Island-ch"]
[Site "Hanmer Springs"]
[Date "2019.10.07"]
[Round "5"]
[White "Lourenco, Eva"]
[Black "Brockway, Andrew"]
[Result "1/2-1/2"]
[WhiteElo "1330"]
[BlackElo "1719"]
[PlyCount "102"]
[EventDate "2019.10.05"]
[EventType "swiss"]
[EventRounds "9"]
[EventCountry "NZL"]
[SourceTitle "EXT 2023"]
[Source "ChessBase"]
[SourceDate "2022.10.05"]
[SourceVersion "1"]
[SourceVersionDate "2022.10.05"]
[SourceQuality "1"]

1. d4 Nf6 2. e3 e6 3. f4 d5 4. Nf3 c5 5. c3 Nbd7 6. Be2 b6 7. Nbd2 Bb7 8. Ne5 Be7 9. Qa4 a6 10. Ndf3 b5 11. Qc2 0-0 12. Nxd7 Nxd7 13. 0-0 Nf6 14. Ne5 Ne4 15. Bf3 f6 16. Ng4 Rc8 17. Qd1 Nd6 18. Re1 Ne4 19. Nf2 Nxf2 20. Kxf2 f5 21. Kg1 c4 22. Bd2 Rc7 23. Re2 Bc6 24. Be1 Rb7 25. b3 a5 26. Rb1 Qc7 27. g4 g6 28. Rg2 Rf7 29. gxf5 exf5 30. Qc1 Rg7 31. bxc4 bxc4 32. Rxb7 Bxb7 33. Qb1 Bd6 34. Qb5 Qc6 35. Qxa5 Re7 36. Re2 Kg7 37. Bf2 Re8 38. a4 Ra8 39. Qb5 Qxb5 40. axb5 Ra1+ 41. Re1 Ra3 42. Rc1 Rb3 43. Be1 Rxb5 44. Ra1 Bb8 45. h4 h5 46. Ra2 Rb6 47. Rg2 Kh7 48. Ra2 Rb5 49. Ra4 Bd6 50. Ra7 Bb8 51. Ra4 Bd6 1/2-1/2

[Event "North Island-ch"]
[Site "Wellington"]
[Date "2019.04.22"]
[Round "7"]
[White "Brockway, Andrew"]
[Black "Lyall, Simon"]
[Result "1/2-1/2"]
[WhiteElo "1727"]
[BlackElo "1680"]
[PlyCount "53"]
[EventDate "2019.04.19"]
[EventType "swiss"]
[EventRounds "8"]
[EventCountry "NZL"]
[SourceTitle "EXT 2020"]
[Source "ChessBase"]
[SourceDate "2019.10.17"]
[SourceVersion "1"]
[SourceVersionDate "2019.10.17"]
[SourceQuality "1"]

1. e4 e5 2. Nf3 Nf6 3. Nxe5 d6 4. Nf3 Nxe4 5. Nc3 Nxc3 6. dxc3 Be7 7. Be3 Nc6 8. Qd2 Be6 9. 0-0-0 h6 10. Kb1 a6 11. Nd4 Nxd4 12. Bxd4 Rg8 13. Be2 c5 14. Be3 Qa5 15. c4 Qb6 16. Qd3 0-0-0 17. Bf3 Qb4 18. Bd5 Bf6 19. Bc1 Rge8 20. c3 Qb6 21. Qf3 Kc7 22. Bxh6 Bxc3 23. Qxc3 gxh6 24. Qf3 Rd7 25. Rd3 Bxd5 26. Qxd5 Qb4 27. Rhd1 1/2-1/2

[Event "North Island-ch"]
[Site "Wellington"]
[Date "2019.04.19"]
[Round "1"]
[White "Brockway, Andrew"]
[Black "Croad, Nicholas"]
[Result "0-1"]
[WhiteElo "1727"]
[BlackElo "2307"]
[PlyCount "52"]
[EventDate "2019.04.19"]
[EventType "swiss"]
[EventRounds "8"]
[EventCountry "NZL"]
[SourceTitle "EXT 2020"]
[Source "ChessBase"]
[SourceDate "2019.10.17"]
[SourceVersion "1"]
[SourceVersionDate "2019.10.17"]
[SourceQuality "1"]

1. e4 c5 2. Nc3 e6 3. f4 a6 4. Nf3 b5 5. d3 Nc6 6. g3 Nf6 7. Bg2 d5 8. 0-0 b4 9. e5 bxc3 10. exf6 cxb2 11. Bxb2 gxf6 12. a3 Rb8 13. Rb1 Be7 14. Ba1 Rxb1 15. Qxb1 Qa5 16. Bb2 0-0 17. Qa1 d4 18. Qe1 Qxe1 19. Rxe1 Bd7 20. Nd2 Rb8 21. Rb1 Na5 22. Bc1 Rxb1 23. Nxb1 Ba4 24. Bd2 Bd8 25. c3 Bc2 26. cxd4 cxd4 0-1

[Event "NZL-ch op 124th"]
[Site "Wellington"]
[Date "2017.01.02"]
[Round "2"]
[White "Murdoch, Stephen"]
[Black "Brockway, Andrew"]
[Result "1/2-1/2"]
[WhiteElo "1438"]
[BlackElo "1710"]
[PlyCount "66"]
[EventDate "2017.01.01"]
[EventType "swiss"]
[EventRounds "9"]
[EventCountry "NZL"]
[SourceTitle "CBM 176 Extra"]
[Source "ChessBase"]
[SourceDate "2017.03.02"]
[SourceVersion "1"]
[SourceVersionDate "2017.03.02"]
[SourceQuality "1"]

1. d4 Nf6 2. Nf3 e6 3. e3 c5 4. b3 d5 5. Bb2 b6 6. Bd3 Bb7 7. 0-0 Be7 8. Nbd2 0-0 9. Re1 Ne4 10. a3 Nd7 11. c4 Ndf6 12. Ne5 Nxd2 13. Qxd2 Ne4 14. Qc2 f6 15. Nf3 Rc8 16. Rad1 Qc7 17. Qb1 Kh8 18. Nd2 f5 19. f3 Nf6 20. e4 fxe4 21. fxe4 Ng4 22. e5 Nf2 23. Rc1 Nxd3 24. Qxd3 Rf7 25. Rf1 Rcf8 26. Rxf7 Rxf7 27. a4 Bg5 28. Rf1 Bxd2 29. Qxd2 Rxf1+ 30. Kxf1 Qf7+ 31. Qf2 Qxf2+ 32. Kxf2 cxd4 33. Bxd4 dxc4 1/2-1/2

[Event "NZL-ch op 124th"]
[Site "Wellington"]
[Date "2017.01.01"]
[Round "1"]
[White "Brockway, Andrew"]
[Black "Smith, Robert Wayne"]
[Result "0-1"]
[WhiteElo "1710"]
[BlackElo "2238"]
[PlyCount "126"]
[EventDate "2017.01.01"]
[EventType "swiss"]
[EventRounds "9"]
[EventCountry "NZL"]
[SourceTitle "CBM 176 Extra"]
[Source "ChessBase"]
[SourceDate "2017.03.02"]
[SourceVersion "1"]
[SourceVersionDate "2017.03.02"]
[SourceQuality "1"]

1. e4 c5 2. Nc3 a6 3. f4 b5 4. d3 e6 5. Nf3 Bb7 6. g3 b4 7. Ne2 d5 8. e5 d4 9. Bg2 Ne7 10. 0-0 h5 11. c3 dxc3 12. bxc3 bxc3 13. Nxc3 Nf5 14. Ne4 Be7 15. Rb1 Bc6 16. Re1 Nd7 17. Ba3 Qa5 18. Qc1 Rc8 19. Nfd2 0-0 20. Nc4 Qc7 21. Ncd6 Nxd6 22. Nxd6 Bxd6 23. exd6 Qxd6 24. Bxc6 Rxc6 25. Qe3 Rfc8 26. Rec1 Qd5 27. Qe2 Rb6 28. Rxb6 Nxb6 29. Rc2 c4 30. dxc4 Rxc4 31. Rd2 Rd4 32. Rxd4 Qxd4+ 33. Kg2 Nc4 34. Bc1 Qd5+ 35. Kh3 a5 36. Qc2 Nd6 37. Ba3 Qf5+ 38. Qxf5 Nxf5 39. Bc5 a4 40. Kg2 f6 41. Kf3 Kf7 42. h3 Ke8 43. g4 hxg4+ 44. hxg4 Nh6 45. Bb4 Nf7 46. Ke4 Kd7 47. Bf8 g5 48. fxg5 Nxg5+ 49. Kf4 Nf7 50. Bb4 Nd6 51. Bc3 Ke7 52. Bb4 e5+ 53. Ke3 Ke6 54. Kd3 Kd5 55. Bc3 Nc4 56. Be1 e4+ 57. Ke2 Ne5 58. Ke3 Nxg4+ 59. Kf4 Ne5 60. Ke3 f5 61. Bc3 Nd3 62. Bd2 f4+ 63. Ke2 Kd4 0-1

[Event "Wellington CC-chB"]
[Site "Wellington"]
[Date "2016.09.29"]
[Round "4"]
[White "Aldridge, Alan L"]
[Black "Brockway, Andrew"]
[Result "1/2-1/2"]
[WhiteElo "1979"]
[BlackElo "1801"]
[PlyCount "42"]
[EventDate "2016.09.08"]
[EventType "tourn"]
[EventRounds "11"]
[EventCountry "NZL"]
[SourceTitle "EXT 2018"]
[Source "ChessBase"]
[SourceDate "2017.10.13"]
[SourceVersion "1"]
[SourceVersionDate "2017.10.13"]
[SourceQuality "1"]

1. d4 Nf6 2. Nf3 e6 3. g3 d5 4. Bg2 Be7 5. 0-0 0-0 6. Nbd2 Nbd7 7. c4 c5 8. e3 b6 9. b3 Bb7 10. Bb2 Qc7 11. Rc1 Rac8 12. cxd5 exd5 13. Re1 Qb8 14. e4 dxe4 15. Ng5 cxd4 16. Bxd4 Rxc1 17. Qxc1 Rc8 18. Qb2 Nc5 19. Bxc5 Bxc5 20. Ngxe4 Nxe4 21. Bxe4 Bxe4 1/2-1/2

[Event "Wellington CC-chB"]
[Site "Wellington"]
[Date "2016.09.08"]
[Round "1"]
[White "Brockway, Andrew"]
[Black "Rossiter, Philip E"]
[Result "0-1"]
[WhiteElo "1801"]
[BlackElo "1897"]
[PlyCount "140"]
[EventDate "2016.09.08"]
[EventType "tourn"]
[EventRounds "11"]
[EventCountry "NZL"]
[SourceTitle "EXT 2018"]
[Source "ChessBase"]
[SourceDate "2017.10.13"]
[SourceVersion "1"]
[SourceVersionDate "2017.10.13"]
[SourceQuality "1"]

1. e4 Nf6 2. e5 Nd5 3. d4 d6 4. c4 Nb6 5. exd6 cxd6 6. Nc3 Nc6 7. Be3 g6 8. Rc1 Bg7 9. b3 Bf5 10. Nf3 0-0 11. Be2 Bg4 12. h3 Bxf3 13. Bxf3 Nd7 14. 0-0 a6 15. Re1 Rb8 16. Qd2 Nf6 17. Rcd1 Qd7 18. Bh6 Rfd8 19. Bxg7 Kxg7 20. Re2 e6 21. Ne4 Nxe4 22. Rxe4 Qc7 23. Rh4 h5 24. Bxh5 Qe7 25. Rg4 Rh8 26. Bxg6 fxg6 27. Re1 Rbf8 28. Qe3 Rf6 29. Qd3 Rh5 30. Qe2 Qf8 31. f3 Qf7 32. Re4 e5 33. dxe5 dxe5 34. Qd2 Rf4 35. Qd3 Rhf5 36. Qe3 Rxe4 37. Qxe4 Rf4 38. Qe3 Qd7 39. Qc3 Qd4+ 40. Qxd4 exd4 41. Kf2 Kf6 42. g3 Rf5 43. f4 Ra5 44. Re2 d3 45. Rd2 Nb4 46. Ke3 Kf5 47. a4 Rc5 48. g4+ Kf6 49. Kd4 b6 50. Ke3 Rc7 51. Kf3 Rh7 52. Kg3 Ke6 53. Rd1 Rd7 54. Rd2 Re7 55. Kf3 Kd6 56. Kf2 Kc5 57. Kf3 Kd4 58. f5 gxf5 59. gxf5 Kc3 60. Rh2 d2 61. Rxd2 Kxd2 62. Kf4 Nd3+ 63. Kg5 Nf2 64. h4 Ne4+ 65. Kg6 Kc3 66. f6 Nxf6 67. Kxf6 Rh7 68. Kg5 Kxb3 69. a5 bxa5 70. h5 Kxc4 0-1

[Event "Wellington Mazur Memorial"]
[Site "Wellington"]
[Date "2016.07.21"]
[Round "2"]
[White "Pomeroy, Arthur"]
[Black "Brockway, Andrew"]
[Result "1/2-1/2"]
[WhiteElo "2133"]
[BlackElo "1772"]
[PlyCount "47"]
[EventDate "2016.07.21"]
[EventType "swiss"]
[EventRounds "8"]
[EventCountry "NZL"]
[SourceTitle "EXT 2018"]
[Source "ChessBase"]
[SourceDate "2017.10.13"]
[SourceVersion "1"]
[SourceVersionDate "2017.10.13"]
[SourceQuality "1"]

1. e4 c5 2. Nf3 g6 3. c3 d5 4. exd5 Qxd5 5. d4 Nf6 6. Be2 cxd4 7. cxd4 Bg7 8. Nc3 Qd8 9. 0-0 0-0 10. Bg5 Nbd7 11. Qd2 Qa5 12. Bh6 Nb6 13. Bxg7 Kxg7 14. Rfd1 Nbd5 15. Rac1 Bd7 16. Ne5 Be6 17. Bf3 Rac8 18. Qd3 a6 19. a3 Nf4 20. Qd2 N4d5 21. Nd3 Nxc3 22. bxc3 b6 23. Nb4 Qxa3 24. Ra1 1/2-1/2

[Event "Wellington CC Summer Cup"]
[Site "Wellington"]
[Date "2016.03.10"]
[Round "7"]
[White "Jackson, L Ross"]
[Black "Brockway, Andrew"]
[Result "0-1"]
[WhiteElo "2003"]
[BlackElo "1777"]
[PlyCount "50"]
[EventDate "2016.01.21"]
[EventType "swiss"]
[EventRounds "8"]
[EventCountry "NZL"]
[SourceTitle "EXT 2018"]
[Source "ChessBase"]
[SourceDate "2017.10.13"]
[SourceVersion "1"]
[SourceVersionDate "2017.10.13"]
[SourceQuality "1"]

1. d4 Nf6 2. c4 e6 3. Nf3 Bb4+ 4. Nc3 b6 5. Bg5 Bb7 6. e3 h6 7. Bh4 Bxc3+ 8. bxc3 d6 9. Nd2 Nbd7 10. f3 g5 11. Bf2 e5 12. Bd3 Qe7 13. 0-0 e4 14. fxe4 Nxe4 15. Nxe4 Bxe4 16. Bxe4 Qxe4 17. Qf3 Qxf3 18. gxf3 f5 19. e4 f4 20. Rab1 a6 21. a4 Kf7 22. a5 Rhb8 23. h4 Rg8 24. hxg5 Rxg5+ 25. Kh2 Rh5+ 0-1